00640nam a22001697a 450000500170000000800410001710000360005824500960009426000740019030000170026450200750028165000280035665000310038465300300041594200080044599900170045320170619150137.0130909b xxu||||| |||| 00| 0 eng d1 aArcher, Geraldine Mary.eauthor12aThe Effect of a participatory model in language and literacy development /cby G.M. Archer. aBritish Virgin Islands, U.K.:bCommonwealth Open University, cc2006. a238 leaves ; aDissertation (Ph.D.)--Commonwealth Open University, UK, February 2006. 0aLiteracy in literature. 0aLiteracy programszAfrica. aKhartoum Workshop Program 2ddc c63640d63614